000
00273nam a22001337a 4500
999
_c
160721
_d
160721
082
_a
_b
100
_a
Chandrasekhar
245
_a
Vaidhik Kosa (v.1)/
_c
Chandrasekhar.
260
_a
New Delhi:
_b
Nag,
_c
1994.
300
_a
650
_a
700
_a
942
_c
BK